Bolahun (Record no. 85766)

MARC details
000 -LEADER
campo de control de longitud fija 00802nam a2200217 i 4500
001 - NÚMERO DE CONTROL
campo de control 85766
003 - IDENTIFICADOR DE NÚMERO DE CONTROL
campo de control ES-MaACL
005 - FECHA Y HORA DE LA ÚLTIMA TRANSACCIÓN
campo de control 20250808012656.0
007 - CAMPO FIJO DE DESCRIPCIÓN FÍSICA--INFORMACIÓN GENERAL
campo de control de longitud fija t|
008 - DATOS DE LONGITUD FIJA--INFORMACIÓN GENERAL
campo de control de longitud fija 041201s1955 sp ||||1| spa d
100 1# - ENTRADA PRINCIPAL--NOMBRE DE PERSONA
Nombre de persona Junge, Werner.
9 (RLIN) 67292
245 10 - MENCIÓN DEL TÍTULO
Título Bolahun
Resto del título : un médico entre los brujos de la selva virgen de Africa /
Mención de responsabilidad, etc. Werner Junge ; [traducción directa del alemán por Federico Armenter de Monasterio y Jesús Paluzie Bonell].
260 ## - PUBLICACIÓN, DISTRIBUCIÓN, ETC.
Lugar de publicación, distribución, etc. Barcelona :
Nombre del editor, distribuidor, etc. Aymá,
Fecha de publicación, distribución, etc. 1955.
300 ## - DESCRIPCIÓN FÍSICA
Extensión 223 p., 15 lám. ;
Dimensiones 22 cm.
490 1# - MENCIÓN DE SERIE
Mención de serie Los caminos de la vida ;
Designación de volumen o secuencia 14
700 1# - ENTRADA AGREGADA--NOMBRE PERSONAL
Nombre de persona Armenter de Monasterio, Federico.
9 (RLIN) 22956
700 1# - ENTRADA AGREGADA--NOMBRE PERSONAL
Nombre de persona Paluzie Bonell, Jesús.
9 (RLIN) 88724
830 04 - PUNTO DE ACCESO ADICIONAL DE SERIE-TÍTULO UNIFORME
Título uniforme Los caminos de la vida
Designación de volumen o secuencia 14
9 (RLIN) 182340
852 ## - LOCALIZACIÓN
Ubicación ES-MaACL
Número de control de estantería C-9966
Sublocalización o colección R.37577
Holdings
Estatus retirado Estado de pérdida Estado de daño No para préstamo Biblioteca de origen Biblioteca actual Ubicación en estantería Fecha de adquisición Fuente de adquisición Total de préstamos Signatura topográfica completa Código de barras Visto por última vez Precio de reemplazo Tipo de ítem Koha
        Biblioteca del Ateneo de Madrid Biblioteca del Ateneo de Madrid Sala Palomar 17/01/2008     C-9966 1089617 23/02/2023 23/02/2023 Libro impreso